000
00345nam a2200145Ia 4500
003
OSt
005
20231128095029.0
008
170523s9999 xx 000 0 und d
020
_a
9788120321557
040
_c
IIMT UNIVERSITY, MEERUT
100
_a
KEVEDELL
245
0
_a
SYSTEM ANALYSIS & DESIGN
260
_b
TATA MC GRAW HILL
942
_2
ddc
_c
02
999
_c
1755
_d
1755